Menuets et Polonois de la Redoute de Dresda
| Hlavní autor: | Neruda, Jan Křtitel Jiří, asi 1707-1780 |
|---|---|
| Vydáno: |
1753 |
| Témata: | |
| Externí odkaz: |
Digitalizovaný dokument
Zobrazení hudebního incipitu Digitalizovaný dokument Digitalizovaný dokument |
| Fyzický popis: |
[20 s.] ; 31 cm |
| LEADER | 01871ndm a2200397 a 4500 | ||
|---|---|---|---|
| 001 | 000911720 | ||
| 003 | CZ BrMZK | ||
| 005 | 20210720144423.0 | ||
| 007 | qu | ||
| 008 | 080911s1753 xx dfz f d | ||
| 031 | |a 01 |b 01 |c 01 |d Menuets |m cemb |g C-1 |n xFC |o 3/4 |p '4D,A'D/FDF/8AF''D'A''FD/2A4E/ |r D |2 pe | ||
| 040 | |a BOA001 |b cze | ||
| 048 | |a kc01 | ||
| 072 | 7 | |a 786 |x Hudba pro klávesové nástroje |2 Konspekt |9 9 | |
| 080 | |a 786.1.085.1 |2 MRF | ||
| 080 | |a 78.089.6 |2 MRF | ||
| 080 | |a (0.032)78 |2 MRF | ||
| 100 | 1 | |a Neruda, Jan Křtitel Jiří, |d asi 1707-1780 |7 jn20020322001 |4 cmp | |
| 245 | 1 | 0 | |a Menuets et Polonois de la Redoute de Dresda |h [rukopis] / |c di Sigre Neruda |
| 260 | |c 1753 | ||
| 300 | |a [20 s.] ; |c 31 cm | ||
| 500 | |a Incipitové lístky nebyly skenovány z důvodu jejich velkého rozsahu | ||
| 561 | 1 | |a Provenience: Doksy, zámecká knihovna Valdštejnů, N. 3 |5 CZ-Bu | |
| 561 | 1 | |a Provenience: Praha, archiv dr. Antonína Němce |5 CZ-Bu | |
| 500 | |a Dostupné též v digitální podobě v aplikaci Kramerius | ||
| 650 | 0 | 7 | |a tance |7 ph224474 |2 czenas |
| 655 | 7 | |a partitury pro sólový nástroj |7 fd201979 |2 czenas | |
| 655 | 7 | |a hudební rukopisy |7 fd278469 |2 czenas | |
| 856 | 4 | 1 | |u http://aleph.mzk.cz/adam/view/2/neruda2_000113406.jpg |y Digitalizovaný dokument |
| 856 | 4 | 1 | |u http://audioserver.mzk.cz/incipity/png/000911720-010101.png |y Zobrazení hudebního incipitu |
| 856 | 4 | 1 | |u http://www.digitalniknihovna.cz/mzk/uuid/uuid:7a0e2910-0dde-4abf-a452-6264e30e886c |y Digitalizovaný dokument |
| 856 | 4 | 1 | |u http://www.digitalniknihovna.cz/mzk/view/uuid:fa8647e5-c338-41aa-a656-8a29a2e3228a |y Digitalizovaný dokument |
| 910 | |a BOA001 |b RKPMus-0691.719 | ||
| 990 | |a MU | ||
| 991 | |b 200809 |p VISK6 2010 | ||
| 996 | 6 | |b 2619271744 |c RKPMus-0691.719 |l Stud. starých tisků/4.patro |r Sklad / do násl. otevíracího dne |n 1 |w 000911720 |u 000010 |a 1 |e BOA001 |j MZK50 |s P | |
English
Čeština 